000 00937nam0a22002771 4500
001 rc\2999198
005 20250806200600.0
035 _a(NLR Aleph) 007142726
090 _a70773
_c70773
100 _a20110919d1944 u y0rusy50 ca
101 0 _arus
102 _aRU
105 _ay z |||||
200 1 _aРуководство таксировщику
_fНар. ком. путей сообщ.
210 _aМосква
_cТрансжелдориздат
_d1944
215 _a152 с.
_d16 см
300 _aСоставитель указан на обороте тит. л.: С.Ф. Кучурин
320 _aБиблиогр.: с. 150
700 1 _aКучурин
_bС.Ф.
_gСемен Федорович
801 0 _aRU
_bNLR
_gpsbo
801 1 _aRU
_bELAR
_2rusmarc
852 _aNLR
_jЭк60 Г-1/3
942 _cBOOK
945 _aРоссийская национальная библиотека
980 _aNB
980 _aBV